[UPDATED]Match the KPOP Couple OTPs (Boys ver.) Quiz Stats

 Plays Quiz not verified by Sporcle

Challenge
Share
Tweet
Score 0/50 Timer 15:00
0 Plays Today
% Correct
Chanyeol
95.2%
T.O.P.
94.3%
Kai
93.8%
Kris
92.7%
Sehun
92.2%
Jackson
91.9%
J-Hope
91.8%
Chen
91.2%
Minho
90.5%
Suga
90.5%
JB
89.4%
Bobby
88.9%
Yugyeom
88.2%
Jonghyun
86.5%
Eunhyuk
85%
Vernon
83.8%
Mingyu
83.3%
Joshua
83.3%
Ravi
82.5%
Zhoumi
80.3%
Hongbin
79.9%
Kangin
79.7%
Yesung
79%
Kyuhyun
78.4%
Hoya
78.3%
% Correct
B-Bomb
78.1%
L
77.9%
Daehyun
77.3%
Baekho
77.3%
P.O.
76.9%
Yongguk
76.9%
Sungkyu
76.8%
Baro
76.8%
Junhui
76.7%
Yunho
76.5%
Hangeng
76.4%
Hansol
75.6%
Eli
75.5%
Mino
75.2%
Nichkhun
75%
Yoochun
74.7%
L.Joe
74.5%
Zico
74.4%
Doojoon
73.5%
Lee Joon
72.7%
Junhwe
70.8%
Seungyoon
70.1%
Junhyung
69.8%
Hyunseong
68.3%
Kyumin
66.4%

You're not logged in!

Compare scores with friends on all Sporcle quizzes.
Join for Free
OR
Log In

You Might Also Like...

Show Comments

Extras

Top Quizzes Today


Score Distribution

Your Account Isn't Verified!

In order to create a playlist on Sporcle, you need to verify the email address you used during registration. Go to your Sporcle Settings to finish the process.

Report this User

Report this user for behavior that violates our Community Guidelines.

Details: